<?xml version="1.0" encoding="UTF-8"?>
<record
    xmlns:xsi="http://www.w3.org/2001/XMLSchema-instance"
    xsi:schemaLocation="http://www.loc.gov/MARC21/slim http://www.loc.gov/standards/marcxml/schema/MARC21slim.xsd"
    xmlns="http://www.loc.gov/MARC21/slim">

  <leader>00550nam a22001577a 4500</leader>
  <controlfield tag="005">2012042606556.0</controlfield>
  <datafield tag="020" ind1=" " ind2=" ">
    <subfield code="a">8130903741</subfield>
    <subfield code="c">795.00</subfield>
  </datafield>
  <datafield tag="035" ind1=" " ind2=" ">
    <subfield code="a">B-226513</subfield>
  </datafield>
  <datafield tag="037" ind1=" " ind2=" ">
    <subfield code="a">DPL</subfield>
    <subfield code="b">ENG</subfield>
  </datafield>
  <datafield tag="100" ind1=" " ind2=" ">
    <subfield code="a">Selbourne, David</subfield>
    <subfield code="9">45779</subfield>
  </datafield>
  <datafield tag="245" ind1=" " ind2=" ">
    <subfield code="a">The losing battle with Islam /</subfield>
    <subfield code="c">by David Selbourne</subfield>
  </datafield>
  <datafield tag="260" ind1=" " ind2=" ">
    <subfield code="a">New Delhi</subfield>
    <subfield code="b">Viva Books Pvt. Ltd.</subfield>
    <subfield code="c">2006</subfield>
  </datafield>
  <datafield tag="300" ind1=" " ind2=" ">
    <subfield code="a">541p.</subfield>
    <subfield code="c">22 cms.</subfield>
  </datafield>
  <datafield tag="942" ind1=" " ind2=" ">
    <subfield code="2">ddc</subfield>
    <subfield code="c">EN</subfield>
    <subfield code="h">320.557</subfield>
    <subfield code="m">SEL</subfield>
  </datafield>
  <datafield tag="999" ind1=" " ind2=" ">
    <subfield code="c">65663</subfield>
    <subfield code="d">65663</subfield>
  </datafield>
  <datafield tag="952" ind1=" " ind2=" ">
    <subfield code="0">0</subfield>
    <subfield code="1">0</subfield>
    <subfield code="4">0</subfield>
    <subfield code="7">0</subfield>
    <subfield code="8">NFIC</subfield>
    <subfield code="a">ZLS</subfield>
    <subfield code="b">ZLS</subfield>
    <subfield code="d">2012-04-26</subfield>
    <subfield code="g">795.00</subfield>
    <subfield code="l">2</subfield>
    <subfield code="m">1</subfield>
    <subfield code="o">320.557 SEL</subfield>
    <subfield code="p">B-226513</subfield>
    <subfield code="q">2026-05-16</subfield>
    <subfield code="r">2026-05-02 12:21:10</subfield>
    <subfield code="s">2026-05-02</subfield>
    <subfield code="v">795.00</subfield>
    <subfield code="w">2012-04-26</subfield>
    <subfield code="y">EN</subfield>
  </datafield>
</record>
